Development Challange Confronting Pakistan (Record no. 322951)
[ view plain ]
| 000 -LEADER | |
|---|---|
| fixed length control field | 00310 a2200121 4500 |
| 001 - CONTROL NUMBER | |
| control field | 87878 |
| 003 - CONTROL NUMBER IDENTIFIER | |
| control field | NUST |
| 082 ## - DEWEY DECIMAL CLASSIFICATION NUMBER | |
| Classification number | 389.5491 WEI |
| 100 ## - MAIN ENTRY--PERSONAL NAME | |
| Personal name | Weiss,Anita,Saba |
| 9 (RLIN) | 9724 |
| 245 ## - TITLE STATEMENT | |
| Title | Development Challange Confronting Pakistan |
| 260 ## - PUBLICATION, DISTRIBUTION, ETC. | |
| Place of publication, distribution, etc. | London |
| Name of publisher, distributor, etc. | Kumarian Press |
| Date of publication, distribution, etc. | 2013 |
| 300 ## - PHYSICAL DESCRIPTION | |
| Extent | 280p+viii |
| 942 ## - ADDED ENTRY ELEMENTS (KOHA) | |
| Institution code [OBSOLETE] | CAE NUST |
| Koha item type | Book |
| Call number prefix | 389.5491 WEI |
| Source of classification or shelving scheme | |
| Withdrawn status | Lost status | Damaged status | Not for loan | Collection code | Permanent Location | Current Location | Date acquired | Total Checkouts | Full call number | Barcode | Date last seen | Price effective from | Koha item type |
|---|---|---|---|---|---|---|---|---|---|---|---|---|---|
| College of Aeronautical Engineering (CAE) | College of Aeronautical Engineering (CAE) | 04/03/2017 | 389.5491 WEI | CAE85957 | 04/05/2017 | 04/05/2017 | Book |
